Yugoslavian Borders - Statistics

General Stats
  • This quiz has been taken 23 times
  • The average score is 7 of 7
Answer Stats
Answer % Correct
Hungary
100%
Austria
94%
Bulgaria
94%
Greece
94%
Italy
94%
Romania
94%
Albania
88%
No matching quizzes found
Score Distribution
Percent of People with Each Score
Percentile by Number Answered
Your Score History
You have not taken this quiz